00251nam a2200121Ia 45000030006000000080041000060400015000471000011000622450018000732600009000915460012001000050017001120STCL150530s9999 xx 000 0 und d aSTCLcSTCL aBelloc aHaunted house c1883 aEnglish20220125171050.0